01587nam a2200325 a 4500001001000000003000900010005001700019008004100036040002500077082002300102245008600125260009200211300003600303500016900339590002600508600004600534600003700580600006400617600003900681600005500720650004500775650004500820700003700865710004200902910003800944942001400982952012100996952012701117999001701244000013426DO-SdBNP20260321073639.0091124s1990 dr ac 001 0 spa d aDO-SdBNPbspacBNPHU a324.97293054bE38d00aElecciones ´90 :bdiscursos pronunciados ante la Cámara Americana de Comercio. aSanto Domingo :bAmerican Chamber of Commerce of the Dominican Republic,c1990.fTaller a137 p. :bil., retrs. ;c23 cm. aDiscursos pronunciados ante la Cámara Americana de Comercio por Froilán J.R. Tavares, Juan Bosch, José F. Peña Gómez, Jacobo Majluta y Joaquín Balaguer. aInventariado, 2018/BT14aTavares, Froilán J.R.xDiscursos93067610a Bosch, Juan, d1909-200197655510aPeña Gomez, Jose Francisco ,d1937-1998xDiscursos9299414aMajluta, Jacobo,xDiscursos93067910a Balaguer, Joaquín,d1906-2002xDiscursos97655614aEleccioneszRepúlica Dominicana93068114aPresidenteszRepública Dominicana959912aWilson A., Rood,epról.9306832 aCámara Americana de Comercio930682 aValidado. Control de calidad. MFF 2ddccLBS1 0010718PDaPDbPDcHDd2009-11-24iLF1l0o324.97293054 E38dp13426-10r2020-06-25w2020-06-25yLFPDZNo se presta 0010718PDaPDbPDcHDd2009-11-24iLF1l0o324.97293054 E38dp13426-20r2020-06-25te. 2w2020-06-25yLFPDZNo se presta c13052d13052